| 000 | 00663nam a22001697a 4500 | ||
|---|---|---|---|
| 008 | 160602b xxu||||| |||| 00| 0 eng d | ||
| 082 |
_22011 _aUT 0311 _bAr34 |
||
| 100 |
_99828 _aArevalo, Lorie Mae C. |
||
| 245 |
_aPananaw ng mga mag-aaral tungkol sa Filipino at Ingles bilang medyor at asignatura sa University of Mindanao Digos College/ _cLorie Mae C. Arevalo [and three others]. |
||
| 260 |
_aDigos City: _bUMDC _cOktubre 2011. |
||
| 300 |
_a39 pages; _c27.5 cm. |
||
| 650 | 0 |
_99827 _aEducation _vFilipino _xUndergraduate thesis. |
|
| 700 |
_99824 _aJapson, Rechelle G. |
||
| 700 |
_99825 _aMulat, Ana Mae D. |
||
| 700 |
_99826 _aNarisma, Lyka C. |
||
| 942 |
_2ddc _cUT |
||
| 999 |
_c2949 _d2949 |
||